[Event "Jyvaskyla op"]
[Site "Jyvaskyla"]
[Date "1993.??.??"]
[Round "8"]
[White "Tuomala, Timo"]
[Black "Vetemaa, Juri"]
[Result "0-1"]
[WhiteElo "2215"]
[BlackElo "2385"]

1.d4 Nf6 2.c4 g6 3.Nc3 Bg7 4.e4 d6 5.Nf3 O-O 6.Be2 Nbd7 7.O-O e5 8.Qc2 c6
9.Rd1 exd4 10.Nxd4 Re8 11.Bg5 Qe7 12.f3 Ne5 13.Qd2 Qc7 14.Nb3 Re6 15.c5 Ne8
16.f4 Nd7 17.e5 h6 18.Bh4 dxe5 19.Bc4 exf4 20.Bxe6 fxe6 21.Bf2 Ndf6 22.Qd3 Kh7
23.Re1 e5 24.Rad1 Bf5 25.Qc4 Ng4 26.Nd2 Nxf2 27.Kxf2 Nf6 28.h3 b5 29.Qe2 b4
30.Nce4 Nd5 31.Nc4 Rf8 32.Kg1 Ne3 33.Nxe3 Bxe4 34.Qc4 Bf5 35.Nxf5 gxf5 36.Rd6 Qe7
37.Qe6 Qg5 38.Rd7 f3 39.g4 fxg4 40.Rxe5 f2+ 41.Kf1 Qc1+  0-1

[Event "Kassel op"]
[Site "Kassel"]
[Date "1993.??.??"]
[Round "3"]
[White "Stoisavljevic, Sava"]
[Black "Reschke, Stefan"]
[Result "0-1"]
[WhiteElo "2115"]
[BlackElo "2335"]

1.d4 Nf6 2.Nf3 g6 3.c4 Bg7 4.Nc3 O-O 5.e4 d6 6.Be2 e5 7.dxe5 dxe5 8.Qxd8 Rxd8
9.Bg5 Nbd7 10.Rd1 Rf8 11.O-O c6 12.Ne1 Nc5 13.Bxf6 Bxf6 14.Nc2 a5 15.Ne3 h5
16.Rd2 Bg5 17.Rfd1 Be6 18.b3 Rfe8 19.Rb2 Red8 20.Rbd2 Rd4 21.Bf3 Rad8 22.Nb1 a4
23.b4 Rxd2 24.Rxd2 Nd3 25.a3 Bxe3 26.fxe3 Bxc4 27.Nc3 b5 28.Nd1 c5 29.bxc5 Rc8
30.Be2 Nxc5 31.Bxc4 bxc4 32.Nc3 Rb8 33.Rd5 Nd3 34.Rb5 Rxb5 35.Nxb5 Nc5 36.Nc3 f5
37.Kf2 Kf7 38.Ke2 Kf6 39.Nd5+ Kg5 40.Nb6 c3 41.Nd5 Nxe4 42.Kd3 f4 43.exf4+ exf4
44.Nb6 h4 45.Nc4 h3 46.gxh3 Kh4 47.Ne5 Kxh3 48.Kxe4 c2 49.Nd3 g5 50.Kf3 Kxh2
51.Nc1 Kh3 52.Ke2 Kh4 53.Kd2 Kh5 54.Kd3 Kg6 55.Ke2 Kf5 56.Kd2 g4 57.Kxc2 g3
58.Ne2 Ke4  0-1

[Event "Katerini GP"]
[Site "Katerini"]
[Date "1993.??.??"]
[Round "7"]
[White "Hertneck, Gerald"]
[Black "Metaxas, Petros"]
[Result "1-0"]
[WhiteElo "2555"]
[BlackElo "2225"]

1.d4 g6 2.c4 Bg7 3.Nc3 Nf6 4.e4 d6 5.Nf3 O-O 6.Be2 e5 7.O-O Na6 8.Be3 Qe8
9.dxe5 dxe5 10.h3 Nd7 11.a3 Nac5 12.b4 Ne6 13.c5 c6 14.Qd6 Bf6 15.Bh6 Ng7
16.Rfd1 Qe7 17.Bc4 Re8 18.Ra2 a5 19.Qxe7 Rxe7 20.Rad2 axb4 21.axb4 b6 22.b5 Ra3
23.bxc6 Rxc3 24.cxd7 Bxd7 25.Rxd7 Rxc4 26.Rxe7 Bxe7 27.cxb6 Rxe4 28.Rb1 Rb4
29.Rxb4 Bxb4 30.Bxg7  1-0

[Event "Katowice op"]
[Site "Katowice"]
[Date "1993.??.??"]
[Round "3"]
[White "Hasanov, Marat"]
[Black "Dydyshko, Viacheslav"]
[Result "0-1"]
[WhiteElo "2335"]
[BlackElo "2490"]

1.d4 Nf6 2.c4 g6 3.Nc3 Bg7 4.e4 d6 5.Be2 O-O 6.Nf3 Na6 7.O-O e5 8.Bg5 h6
9.Bxf6 Qxf6 10.d5 Qe7 11.a3 Nc5 12.b4 Nd7 13.Rc1 f5 14.Nd2 a6 15.h3 Kh8 16.Na4 Nf6
17.Bf3 Bd7 18.c5 Qd8 19.Nc3 Rg8 20.cxd6 cxd6 21.Nc4 Be8 22.Qc2 Rc8 23.Na5 Qd7
24.Qe2 Bf7 25.Nc4 Qd8 26.Rfd1 h5 27.Ne3 Rxc3 28.Rxc3 fxe4 29.Bg4 hxg4 30.hxg4 Bh6
31.Qc2 Bxe3 32.Rxe3 Kg7 33.Rh3 Rh8 34.g5 Nxd5 35.Rg3 Rh4 36.Qb2 Qh8  0-1

[Event "Katowice op"]
[Site "Katowice"]
[Date "1993.??.??"]
[Round "4"]
[White "Schmidt, Wlodzimierz"]
[Black "Ryskin, Alexander"]
[Result "0-1"]
[WhiteElo "2425"]
[BlackElo "2505"]

1.Nf3 Nf6 2.c4 g6 3.Nc3 Bg7 4.e4 d6 5.d4 O-O 6.Be2 e5 7.O-O Na6 8.Be3 Ng4
9.Bg5 Qe8 10.dxe5 dxe5 11.h3 h6 12.Bd2 Nf6 13.Be3 Qe7 14.a3 c6 15.Qc2 Nh5
16.Rfe1 Nf4 17.Bf1 Qf6 18.Nd2 Ne6 19.Rad1 Re8 20.b4 Nd4 21.Qc1 b6 22.Bxd4 exd4
23.Na4 c5 24.b5 Nc7 25.Nb2 a6 26.a4 h5 27.Qc2 Bh6 28.g3 h4 29.g4 Bb7 30.Bg2 Qd8
31.Nd3 Ne6 32.e5 Bxg2 33.Kxg2 Bxd2 34.Qxd2 axb5 35.axb5 Ra3 36.Qh6 Qa8+ 37.f3 Ra2+
38.Rd2 g5 39.Ree2 Rxd2 40.Rxd2 Qa5 41.Rd1 Qa2+ 42.Nf2 Qe2 43.Ra1 d3 44.Ra7 Nf4+  0-1

[Event "Katowice op"]
[Site "Katowice"]
[Date "1993.??.??"]
[Round "4"]
[White "Shipov, Sergei"]
[Black "Baginskaite, Kamile"]
[Result "1/2-1/2"]
[WhiteElo "2490"]
[BlackElo "2330"]

1.d4 Nf6 2.c4 g6 3.Nc3 Bg7 4.e4 d6 5.Be2 O-O 6.Nf3 e5 7.Be3 Qe7 8.d5 Ng4
9.Bg5 f6 10.Bh4 Nh6 11.Nd2 g5 12.Bg3 Na6 13.h4 g4 14.Nf1 Nc5 15.b4 Nxe4 16.Nxe4 f5
17.Ned2 f4 18.Ne4 fxg3 19.Nfxg3 a5 20.b5 Rf4 21.Bd3 Nf5 22.Nxf5 Bxf5 23.Qc2 Rf8
24.g3 Rf3 25.O-O Qf7 26.Rad1 Qg6 27.Rfe1 b6 28.Re2 h5 29.Qb1 Bh6 30.Bc2 Qf7
31.Rf1 Kg7 32.Kg2 Bg6 33.Kg1  1/2-1/2

[Event "Katowice op"]
[Site "Katowice"]
[Date "1993.??.??"]
[Round "4"]
[White "Sarkozy, Ladislav"]
[Black "Radzikowska, Krystyna"]
[Result "1-0"]
[WhiteElo "2320"]
[BlackElo "2065"]

1.Nf3 Nf6 2.c4 g6 3.Nc3 Bg7 4.d4 d6 5.e4 O-O 6.Be2 e5 7.d5 a5 8.Bg5 h6 9.Bh4 Na6
10.Nd2 Nc5 11.b3 Bd7 12.a3 Qc8 13.b4 Ncxe4 14.Ndxe4 Nxe4 15.Nxe4 f5 16.Be7 Rf7
17.Nxd6 cxd6 18.Bxd6 e4 19.Rb1 f4 20.O-O axb4 21.Rxb4 f3 22.gxf3 exf3 23.Bxf3 Rxa3
24.Rxb7 Qxb7 25.Bxa3 Qa6 26.Qb3 Bh3 27.Bg2 Bxg2 28.Kxg2 Bd4 29.Qd3  1-0

[Event "Katowice op"]
[Site "Katowice"]
[Date "1993.??.??"]
[Round "6"]
[White "Mitenkov, Alexey"]
[Black "Ziger, Silvestar"]
[Result "1-0"]
[WhiteElo "2420"]
[BlackElo "2280"]

1.d4 Nf6 2.c4 g6 3.Nc3 Bg7 4.e4 d6 5.Nf3 O-O 6.Be2 e5 7.O-O Na6 8.Re1 c6
9.Bf1 Bg4 10.d5 c5 11.h3 Bd7 12.Bg5 h6 13.Be3 Nh5 14.Qd2 g5 15.Nh2 Nf4 16.a3 h5
17.Be2 Nxe2+ 18.Qxe2 g4 19.hxg4 hxg4 20.Nxg4 Qh4 21.f3 f5 22.exf5 Bxf5 23.Ne4 Bxe4
24.fxe4 Rf4 25.Bxf4 exf4 26.e5 Re8 27.Qf3 dxe5 28.Re4 Nb8 29.Rae1 Nd7 30.Qh3 Qg5
31.Nh2 Re7 32.Nf3 Qg6 33.Rxf4 e4 34.Rg4  1-0

[Event "Katowice op"]
[Site "Katowice"]
[Date "1993.??.??"]
[Round "9"]
[White "Buturin, Vladimir"]
[Black "Wieczorek, Zbigniew"]
[Result "1-0"]
[WhiteElo "2415"]
[BlackElo "2270"]

1.c4 Nf6 2.Nc3 g6 3.e4 d6 4.d4 Bg7 5.Nf3 O-O 6.Be2 e5 7.O-O Na6 8.Be3 Qe8
9.dxe5 Ng4 10.Bc1 Nxe5 11.Nd4 Be6 12.Nxe6 fxe6 13.Be3 Qc6 14.Bd4 Qe8 15.Nb5 Rf4
16.f3 Qe7 17.Qd2 Rf7 18.Rad1 b6 19.Be3 Nc5 20.b4 Nb7 21.Bg5 Qe8 22.a3 Nc6
23.Be3 a5 24.f4 Qf8 25.Bf3 Nbd8 26.g3 axb4 27.axb4 Ra4 28.Rb1 e5 29.f5 Ne6
30.Qd1 Rxb4 31.Rxb4  1-0

[Event "Katowice op"]
[Site "Katowice"]
[Date "1993.??.??"]
[Round "9"]
[White "Dabek, Roman"]
[Black "Ocytko, Andrzej"]
[Result "1-0"]
[WhiteElo "2370"]
[BlackElo "2225"]

1.Nf3 Nf6 2.c4 g6 3.Nc3 Bg7 4.e4 d6 5.d4 O-O 6.Be2 e5 7.d5 Qe8 8.h3 Nh5 9.Nh2 f5
10.exf5 Nf4 11.Bxf4 exf4 12.fxg6 Qxg6 13.Qd2 Qxg2 14.Bf3 Qg6 15.O-O-O Bf5
16.Rhg1 Qf7 17.Bg4 Kh8 18.Nf3 Bg6 19.Ng5 Qf6 20.h4 Na6 21.h5 Qxg5 22.hxg6 Nc5
23.gxh7 Qf6 24.Bh5 a6 25.Rg6 Qf5 26.Rxg7 Kxg7 27.Rg1+ Kh8 28.Bg6 Qf6 29.Bb1 f3
30.Rg6 Qh4 31.Nd1 Qxc4+ 32.Bc2 Qf4 33.Rg8+  1-0

[Event "GER-FRA"]
[Site "Kaufbeuren"]
[Date "1993.??.??"]
[Round "2"]
[White "Schlosser, Philipp"]
[Black "Apicella, Manuel"]
[Result "1/2-1/2"]
[WhiteElo "2550"]
[BlackElo "2475"]

1.Nf3 Nf6 2.c4 g6 3.Nc3 Bg7 4.e4 d6 5.d4 O-O 6.Be2 e5 7.O-O Na6 8.Be3 Ng4
9.Bg5 Qe8 10.dxe5 dxe5 11.h3 h6 12.Bd2 Nf6 13.Be3 Qe7 14.Nd5 Qd8 15.Nxf6+ Qxf6
16.Qc1 Kh7 17.Rd1 c5 18.b4 b6 19.bxc5 Nxc5 20.Bxc5 bxc5 21.Rb1 Qc6 22.Qe3 Be6
23.Rb5 Rfc8 24.Rdb1 Bf6 25.h4 Kg7 26.g3 Qd6 27.Qa3 Bd7 28.Rd1 Qc7 29.Ra5 Qb7
30.Nd2 a6 31.Rb1 Qc6 32.Qe3 Bd8 33.Ra3 Rab8 34.Rab3 Rxb3 35.axb3 Ba5 36.Nf3 Qf6
37.Rd1 Bg4 38.Nh2 Bxe2 39.Qxe2 Bc3 40.Ng4 Qe6 41.Nxh6 Bd4 42.Ng4 Rb8 43.Rd3 f5
44.exf5 gxf5 45.Ne3 e4 46.Rd1 Qg6 47.Rxd4 cxd4 48.Qb2 Qf6 49.Qxd4 Qxd4 50.Nxf5+ Kf6
51.Nxd4 Rd8 52.Nc6 Rd6 53.Na5 Rd1+ 54.Kg2 Rd2 55.Kf1 Rc2 56.b4 Kf5 57.b5 axb5
58.cxb5 Kg4 59.Nc6 Rc5 60.Ke2 Rxb5 61.Ke3 Rf5 62.Nd4  1/2-1/2

[Event "Kladovo zt"]
[Site "Kladovo"]
[Date "1993.??.??"]
[Round "8"]
[White "Tosic, Miroslav"]
[Black "Ilincic, Zlatko"]
[Result "1/2-1/2"]
[WhiteElo "2440"]
[BlackElo "2470"]

1.d4 Nf6 2.c4 g6 3.Nc3 Bg7 4.e4 d6 5.Nf3 O-O 6.Be2 e5 7.O-O Na6 8.Bg5 Qe8
9.Bxf6 Bxf6 10.d5 Bg7 11.a3 f5 12.b4 Qe7 13.Rc1 Bh6 14.Rc2 Bd7 15.Bd3 Rf6
16.Nd2 Raf8 17.Qe2 Nb8 18.Nb3  1/2-1/2

[Event "Komotini GP"]
[Site "Komotini"]
[Date "1993.??.??"]
[Round "4"]
[White "Koen, Maja"]
[Black "Umanskaya, Irina"]
[Result "0-1"]
[WhiteElo "2215"]
[BlackElo "2305"]

1.d4 Nf6 2.c4 g6 3.Nc3 Bg7 4.e4 d6 5.Nf3 O-O 6.Be2 e5 7.d5 a5 8.h3 Na6 9.Bg5 Nc5
10.Nd2 Bd7 11.h4 h6 12.Be3 h5 13.Bg5 Qc8 14.Qc2 a4 15.Rb1 Qe8 16.b4 axb3
17.axb3 Ng4 18.Bxg4 hxg4 19.b4 Na6 20.b5 Nc5 21.b6 c6 22.dxc6 Bxc6 23.Nd5 Bxd5
24.cxd5 Qd7 25.Be3 Rfc8 26.Bxc5 Rxc5 27.Qd3 Qc8 28.O-O Rc3 29.Qb5 Bh6 30.Nb3 g3
31.fxg3 Rxg3 32.Qe2 Be3+ 33.Kh2 Ra2 34.Qxa2 Qg4 35.Qa8+ Kg7 36.Qxb7 Kg8 37.Qb8+ Kh7  0-1

[Event "Komotini GP"]
[Site "Komotini"]
[Date "1993.??.??"]
[Round "5"]
[White "Atalik, Suat"]
[Black "Arduman, Can"]
[Result "1/2-1/2"]
[WhiteElo "2535"]
[BlackElo "2355"]

1.d4 g6 2.c4 Bg7 3.e4 d6 4.Nc3 Nd7 5.Nf3 e5 6.Be2 Ngf6 7.O-O O-O 8.Be3 c6
9.d5 c5 10.g3 Kh8 11.Nh4 Ng8 12.Qc2 Bh6 13.Ng2 Bxe3 14.Nxe3 Nh6 15.Bd3 Nf6
16.Qd2 Bh3 17.Ng2 Nfg8 18.f4 f6 19.Rf3 Bxg2 20.Qxg2 Qd7 21.Raf1 Kg7 22.Nd1 Nf7
23.Ne3 a6 24.f5 g5 25.Qe2 Rfb8 26.R3f2 b5 27.Qh5 bxc4 28.Bxc4 Rb6 29.b3 a5
30.a4 Rab8 31.Qd1 Rb4 32.Rf3 h5 33.Nc2 R4b7 34.Re3 g4 35.h3 gxh3 36.Qxh5 Ng5
37.Qg6+ Kf8 38.Na3 Qd8 39.Qh5 Rh7 40.Qe2 Nh6 41.Kh2 Rbb7 42.g4 Rb8 43.Rg1 Rhb7
44.Bb5 Nhf7 45.Rgg3 Ke7 46.Bc6 Rb6 47.Nc4 Rb4 48.Bb5 Qc7 49.Na3 Rg8 50.Nc2 Rd4
51.Rg1 Rh8 52.Rgg3 Rg8 53.Rg1 Rh8  1/2-1/2

[Event "Komotini GP"]
[Site "Komotini"]
[Date "1993.??.??"]
[Round "5"]
[White "Skembris, Spyridon"]
[Black "Banikas, Hristos"]
[Result "1-0"]
[WhiteElo "2545"]
[BlackElo "2205"]

1.d4 Nf6 2.c4 g6 3.Nc3 Bg7 4.Nf3 O-O 5.e4 d6 6.Be2 e5 7.d5 a5 8.O-O Na6 9.Bg5 Qe8
10.Nd2 h5 11.a3 Nh7 12.Be3 f5 13.exf5 Bxf5 14.Nde4 Nf6 15.Bd3 b6 16.Qc2 Qd7
17.Rae1 Nh7 18.f3 Nc5 19.Bxc5 bxc5 20.Qd2 Rfb8 21.Nb5 Rb7 22.Kh1 Qd8 23.Ng3 Bh6
24.Qc2 Bxd3 25.Qxd3 Kg7 26.Ne4 h4 27.Qc3 Nf6 28.f4 Nxe4 29.Rxe4 Qf6 30.Rf3 Qf5
31.Re2 Bxf4 32.g3 hxg3 33.hxg3 Rh8+ 34.Kg1 Qh5 35.gxf4 Qh1+ 36.Kf2 Rh2+ 37.Ke3 Qg1+
38.Ref2 Rxf2 39.Rxf2  1-0

[Event "Komotini GP"]
[Site "Komotini"]
[Date "1993.??.??"]
[Round "6"]
[White "Koen, Maja"]
[Black "Vouldis, Angelos"]
[Result "0-1"]
[WhiteElo "2215"]
[BlackElo "2285"]

1.d4 Nf6 2.c4 g6 3.Nc3 Bg7 4.e4 O-O 5.Nf3 d6 6.Be2 e5 7.d5 Nh5 8.g3 Na6 9.Be3 f5
10.exf5 gxf5 11.Bg5 Qe8 12.Nh4 Nf6 13.O-O Nc5 14.f3 a5 15.Nb5 Qf7 16.Be3 f4
17.Bxc5 dxc5 18.Bd3 fxg3 19.hxg3 Nh5 20.Qe1 Ra6 21.Kg2 Rh6 22.Rh1 e4 23.Bxe4 Bxb2
24.Rb1 Qg7 25.g4 Bxg4 26.Kf2 Ng3 27.Qe3 Be5 28.Rbg1 Nxh1+ 29.Rxh1 Bg3+ 30.Kxg3 Bxf3+  0-1

[Event "Komotini GP"]
[Site "Komotini"]
[Date "1993.??.??"]
[Round "7"]
[White "Umanskaya, Irina"]
[Black "Karapanos, Nikolaos"]
[Result "1/2-1/2"]
[WhiteElo "2305"]
[BlackElo "2215"]

1.Nf3 Nf6 2.c4 g6 3.Nc3 Bg7 4.e4 d6 5.d4 O-O 6.Be2 Nbd7 7.O-O e5 8.Qc2 exd4
9.Nxd4 Re8 10.Be3 c6 11.f3 a6 12.Qd2 d5 13.cxd5 cxd5 14.exd5 Nb6 15.Bf2 Nfxd5
16.Rfe1 Nxc3 17.Qxc3 Nd5 18.Qd2 Ne3 19.Bb5 axb5 20.Rxe3 Be6 21.Re2 Rxa2 22.Rxa2 Bxa2
23.Rxe8+ Qxe8 24.b3 Qa8 25.h4 Qd8 26.h5 gxh5 27.Qf4 Bb1 28.Nxb5 Qd1+ 29.Kh2 Qd5
30.Qb8+ Bf8 31.Bg3 Qg5 32.Bd6  1/2-1/2

[Event "Komotini GP"]
[Site "Komotini"]
[Date "1993.??.??"]
[Round "8"]
[White "Arduman, Can"]
[Black "Kotronias, Vasilios"]
[Result "0-1"]
[WhiteElo "2355"]
[BlackElo "2590"]

1.d4 Nf6 2.Nf3 g6 3.c4 Bg7 4.Nc3 O-O 5.e4 d6 6.Be2 e5 7.dxe5 dxe5 8.Qxd8 Rxd8
9.Bg5 c6 10.Nxe5 Re8 11.O-O-O Na6 12.Nf3 Bg4 13.e5 Nd7 14.h3 Bxf3 15.Bxf3 Nxe5
16.Be2 f5 17.Be3 Nf7 18.Rhe1 Re7 19.Bf1 Bxc3 20.bxc3 Rae8 21.Bd2 Ne5 22.Kc2 Nc5
23.Bg5 Re6 24.Rd8 Rxd8 25.Bxd8 Kg7 26.Bh4 Kf7 27.f3 f4 28.Rd1 h6 29.Rd8 Ned7
30.Bf2 Re8 31.Rxe8 Kxe8 32.g3 fxg3 33.Bxg3 Ke7 34.Kd2 Kf6 35.Be2 b6 36.Ke3 Ne6
37.Bd6 Ng7 38.Bc7 Nf5+ 39.Kd2 Ke6 40.Bd3 Ne5 41.c5 bxc5 42.Ba6 Nxf3+ 43.Kd3 Ne5+
44.Ke4 Nd6+ 45.Ke3 Nb5 46.Bb8 Nd7 47.Bg3 Nxc3 48.Kd3 Nd5 49.a3 Ne5+ 50.Kc2 Kf5
51.Bf2 Nb6 52.Bxc5 Ke6 53.Kb3 Kd5 54.Be3 g5 55.Bf2 c5 56.Bb7+ Kd6 57.Bg3 Ke6
58.a4 Nbc4 59.Bc8+ Kd5 60.Bb7+ Kd4 61.Bf2+ Ne3 62.Bc8 c4+ 63.Kb4 Nd3+  0-1

[Event "La Coruna op"]
[Site "La Coruna"]
[Date "1993.??.??"]
[Round "?"]
[White "Hultin, Johan"]
[Black "Glavina, Pablo"]
[Result "1-0"]
[WhiteElo "2285"]
[BlackElo "2405"]

1.d4 Nf6 2.c4 g6 3.Nc3 Bg7 4.e4 d6 5.Be2 O-O 6.Nf3 e5 7.O-O exd4 8.Nxd4 Re8
9.f3 c6 10.Kh1 Nbd7 11.Bg5 a5 12.Qd2 a4 13.Rfd1 Qa5 14.Nc2 Nb6 15.b4 axb3
16.axb3 Nxe4 17.Nxe4 Qxd2 18.Bxd2 Rxa1 19.Nxa1 f5 20.Ng3 h5 21.Bf1 Nd7 22.Nc2 Nc5
23.b4 Nb3 24.Bf4 Be6 25.Rd3 Bxc4 26.Re3 Bf7 27.Rxe8+ Bxe8 28.Bc4+ Bf7 29.Bxf7+ Kxf7
30.Bxd6 Ke6 31.Bc7 Kd5 32.Ne3+ Ke6 33.Ne2 Bf8 34.Nc2 Kd5 35.Nf4+ Kc4 36.Nxg6 Bxb4
37.Nxb4 Kxb4 38.Ne7 Nd4 39.Be5 Kc4 40.Kg1 c5 41.Kf2 b5 42.Bxd4 Kxd4 43.Ke2 Ke5
44.Kd3 Ke6 45.Ng6 Kf6 46.Nf4 h4 47.Kc3 Ke5 48.Ng6+ Kd5 49.Nxh4 b4+ 50.Kb3 c4+
51.Kxb4 Kd4 52.Nxf5+ Kd3 53.Ne3 c3 54.Kb3  1-0

[Event "La Coruna op"]
[Site "La Coruna"]
[Date "1993.??.??"]
[Round "?"]
[White "Komljenovic, Davor"]
[Black "Ubilava, Elizbar"]
[Result "1-0"]
[WhiteElo "2450"]
[BlackElo "2530"]

1.d4 Nf6 2.c4 g6 3.Nc3 Bg7 4.e4 d6 5.Nf3 O-O 6.Be2 e5 7.O-O c6 8.dxe5 dxe5
9.Qxd8 Rxd8 10.Be3 Nbd7 11.Rad1 Re8 12.Nd2 Bf8 13.f3 Nh5 14.Nb3 Nf4 15.Rf2 Nxe2+
16.Rxe2 Nb6 17.Nd2 Be6 18.b3 Red8 19.Ndb1 Rxd1+ 20.Nxd1 Nd7 21.Ndc3 Nc5 22.Rd2 a5
23.Kf2 a4 24.b4 Na6 25.a3 Nc7 26.c5 Be7 27.Rd3 Kf8 28.Nd2 Ke8 29.Ke1 f5 30.Kd1 Bf7
31.Bf2 Ne6 32.exf5 gxf5 33.Bg3 f4 34.Bf2 Bg6 35.Nde4 Ng5 36.Nd6+ Kd7 37.Rd2 Kc7
38.Bh4 Rd8 39.Bxg5 Bxg5 40.Nde4 Be7 41.Rxd8 Bxd8 42.Nxa4 Bf7 43.Nb2 Bd5 44.Nd3 Bc4
45.Nxe5 Bf1 46.g3 fxg3 47.hxg3 b6 48.Ke1 Ba6 49.Kf2 bxc5 50.Nxc5 Bc8 51.Ke3 h5
52.f4 Be7 53.Ke4 Bh3 54.f5 Bg2+ 55.Kf4 h4 56.gxh4 Bxh4 57.Ne4 Kb6 58.Ke3 Bxe4
59.Kxe4 Kb5 60.Nf3 Be7 61.Nd4+ Kb6 62.Ne6 Bf6 63.Kd3 Kb5 64.Nd4+ Kb6 65.Kc4 Kc7
66.a4 Kd6 67.a5 Kc7 68.Ne6+ Kd7 69.Nc5+ Kc7 70.a6  1-0

[Event "Las Palmas op"]
[Site "Las Palmas"]
[Date "1993.??.??"]
[Round "?"]
[White "Van Wely, Loek"]
[Black "Todorcevic, Miodrag"]
[Result "1-0"]
[WhiteElo "2590"]
[BlackElo "2480"]

1.d4 g6 2.Nf3 Bg7 3.c4 d6 4.Nc3 Nd7 5.e4 e5 6.Be2 Ngf6 7.O-O O-O 8.Be3 exd4
9.Nxd4 Re8 10.f3 c6 11.Nc2 Bf8 12.Qd2 a6 13.b3 Nc5 14.Rad1 Nfd7 15.Kh1 Qf6
16.Rfe1 Ne6 17.f4 Nec5 18.Bf3 Qg7 19.Bd4 Qh6 20.g3 Be7 21.Ne3 Qf8 22.Ng4 h5
23.Nf2 Ne6 24.Be3 Qg7 25.g4 Bf6 26.Ne2 hxg4 27.Nxg4 Nec5 28.Qc2 Bh4 29.Rg1 Nf6
30.Nxf6+ Bxf6 31.Rxd6 Ne6 32.e5 Be7 33.Rdd1 Bc5 34.Bxc5 Nxc5 35.Ng3 Qh6 36.f5 Qe3
37.Rdf1 Rxe5 38.fxg6 f6 39.Nh5 Bf5 40.Nxf6+ Kg7 41.Nh5+ Kg8 42.Qg2 Rf8 43.Ng3 Ne6
44.g7 Rf6 45.Nxf5 Rfxf5 46.Qg6 Rg5 47.Qe8+ Kxg7 48.Bd5 Rxg1+ 49.Rxg1+ Ng5
50.Qf7+ Kh6 51.Qf8+ Kg6 52.Bf7+ Kf5 53.Bh5+ Ke4 54.Rg4+  1-0

[Event "Las Palmas op"]
[Site "Las Palmas"]
[Date "1993.??.??"]
[Round "?"]
[White "Todorcevic, Miodrag"]
[Black "Garcia Ilundain, David"]
[Result "1/2-1/2"]
[WhiteElo "2480"]
[BlackElo "2480"]

1.d4 g6 2.c4 Bg7 3.Nc3 d6 4.e4 e5 5.Nf3 Nd7 6.Be2 Ngf6 7.O-O O-O 8.Be3 a6
9.dxe5 dxe5 10.b4 a5 11.a3 c6 12.Nd2 b6 13.c5 b5 14.Nb3 a4 15.Na5 Rxa5 16.bxa5 Qxa5
17.Qc2 Re8 18.Na2 Nf8 19.Nb4 Qc7 20.Rad1 Ne6 21.Rd6 Bb7 22.Rfd1 Bf8 23.R6d2 Bc8
24.f3  1/2-1/2

[Event "Las Palmas-C"]
[Site "Las Palmas"]
[Date "1993.??.??"]
[Round "2"]
[White "Sarmiento, Braulio Alfonso"]
[Black "Lezcano Jaen, Pedro"]
[Result "0-1"]
[WhiteElo "2210"]
[BlackElo "2295"]

1.d4 Nf6 2.c4 d6 3.Nf3 g6 4.Nc3 Bg7 5.e4 O-O 6.Be2 Nbd7 7.O-O e5 8.Be3 c6
9.d5 c5 10.Ne1 Ne8 11.g4 f5 12.exf5 gxf5 13.gxf5 Nb6 14.Nf3 Bxf5 15.Ng5 Qe7
16.Kh1 e4 17.Rg1 Bxc3 18.bxc3 Ng7 19.Rg3 Kh8 20.Qd2 Nd7 21.Rag1 Rg8 22.Bf4 Raf8
23.Bg4 Nf6 24.Bxf5 Nxf5 25.Rh3 Rg6 26.Ne6 Rxg1+ 27.Kxg1 Rg8+ 28.Kf1 Qf7 29.Bg5 e3
30.Qd3 Nxd5 31.f3 Qxe6 32.Qxd5 Rg6 33.f4 Qxd5 34.cxd5 b5 35.Ke2 h6 36.Kf3 Kg7
37.Bh4 Rg1 38.Ke2 Rg2+ 39.Kd3 c4+ 40.Ke4  0-1

[Event "Las Palmas-B"]
[Site "Las Palmas"]
[Date "1993.??.??"]
[Round "6"]
[White "Anguix Garrido, Juan Francisco"]
[Black "Todorcevic, Miodrag"]
[Result "0-1"]
[WhiteElo "2340"]
[BlackElo "2480"]

1.d4 g6 2.c4 Bg7 3.Nf3 d6 4.Nc3 Nd7 5.e4 e5 6.Be2 Ngf6 7.O-O O-O 8.Qc2 exd4
9.Nxd4 Re8 10.Rd1 c6 11.Rb1 Qe7 12.f3 a6 13.b4 h6 14.b5 axb5 15.cxb5 c5 16.Nb3 Nb6
17.Be3 Be6 18.Qd2 Bxb3 19.Rxb3 d5 20.Bxh6 Bxh6 21.Qxh6 d4 22.Nb1 c4 23.Rb2 d3
24.Bxd3 cxd3 25.Rxd3 Nc4 26.Rc2 Ne5 27.Rb3 Qd6 28.Qc1 Red8 29.h3 Nh5 30.Nc3 Qb6+
31.Kh2 Nd3 32.Qg5 Qd6+ 33.Kg1 Ndf4 34.b6 Qd4+ 35.Kh2 Ne6 36.Qb5 Nhf4 37.g3 Qh8
38.gxf4 Nd4 39.Qd3 Nxb3 40.Nd5 Nd4  0-1

[Event "Leeuwarden op"]
[Site "Leeuwarden"]
[Date "1993.??.??"]
[Round "2"]
[White "Van Wely, Loek"]
[Black "Sepp, Olav"]
[Result "1-0"]
[WhiteElo "2585"]
[BlackElo "2380"]

1.d4 Nf6 2.c4 g6 3.Nc3 Bg7 4.e4 d6 5.Nf3 O-O 6.Be2 e5 7.O-O Na6 8.Be3 Ng4
9.Bg5 Qe8 10.dxe5 dxe5 11.h3 h6 12.Bd2 Nf6 13.Be3 Nh5 14.Re1 Nf4 15.Bf1 c6
16.c5 Qe7 17.Bxa6 bxa6 18.Qd6 Qxd6 19.cxd6 Ne6 20.Na4 Rd8 21.Red1 Rb8 22.Bxa7 Rb4
23.b3 Rxe4 24.Bb6 Rd7 25.Ba5 Re2 26.Nb6 e4 27.Ne1 Bxa1 28.Rxa1 Rd8 29.Kf1 Rxe1+
30.Rxe1 Bb7 31.d7 Kf8 32.Rxe4 c5 33.Re1 Bc6 34.Rd1 Nd4 35.f3 Bxd7 36.Nxd7+ Rxd7
37.Bb6 Ke8 38.Bxc5 Ne6 39.Rxd7 Kxd7 40.Be3 Kc6 41.Bxh6 g5 42.Kf2 Kd5 43.Ke3 f6
44.g3 Ke5 45.f4+  1-0

[Event "Leeuwarden op"]
[Site "Leeuwarden"]
[Date "1993.??.??"]
[Round "5"]
[White "Van Wely, Loek"]
[Black "Reinderman, Dimitri"]
[Result "1-0"]
[WhiteElo "2585"]
[BlackElo "2435"]

1.d4 Nf6 2.c4 g6 3.Nc3 Bg7 4.e4 d6 5.Nf3 O-O 6.Be2 e5 7.O-O Na6 8.Be3 Ng4
9.Bg5 Qe8 10.dxe5 h6 11.Bc1 dxe5 12.h3 Nf6 13.Be3 Nd7 14.a3 Nac5 15.Nb5 Qd8
16.Bxc5 Nxc5 17.Qxd8 Rxd8 18.Nxc7 Rb8 19.Rad1 Be6 20.b4 Nxe4 21.Nxe6 fxe6
22.Rd3 Nd6 23.Rfd1 Nf7 24.Rxd8+ Rxd8 25.Rxd8+ Nxd8 26.Bd3 Kf7 27.Be4 b6 28.h4 Kf6
29.Nh2 g5 30.Ng4+ Ke7 31.h5 Nf7 32.c5 bxc5 33.bxc5 Kd7 34.Kf1 Bf8 35.Bg6 Nd8
36.Be4 Nf7 37.a4 Bxc5 38.Bg6 Nh8 39.Nxh6 Bf8 40.Ng4 Nxg6 41.hxg6 Bg7 42.f3 Kc6
43.Nf2 g4 44.fxg4 Kd5 45.Nh1 Kd6 46.Ng3 Ke7 47.Ne4 Bh8 48.Ke2 Kf8 49.Kd3 Kg7
50.Kc4 Kxg6 51.Kb5  1-0

[Event "Leeuwarden op"]
[Site "Leeuwarden"]
[Date "1993.??.??"]
[Round "6"]
[White "Ulibin, Mikhail"]
[Black "Sepp, Olav"]
[Result "0-1"]
[WhiteElo "2560"]
[BlackElo "2380"]

1.d4 Nf6 2.c4 g6 3.Nc3 Bg7 4.e4 d6 5.Nf3 O-O 6.Be2 e5 7.O-O Na6 8.Be3 Ng4
9.Bg5 Qe8 10.dxe5 dxe5 11.Nd2 h6 12.Bh4 h5 13.c5 Be6 14.Bb5 c6 15.Bxa6 bxa6
16.Qe2 Bh6 17.h3 g5 18.Bg3 h4 19.hxg4 hxg3 20.Nc4 Qb8 21.a3 Bxc4 22.Qxc4 Qxb2
23.Ra2 Qb7 24.fxg3 Rad8 25.Ne2 Bg7 26.Rc2 Qb5 27.Rf3 Rd2 28.Kf2 Rxc2 29.Qxc2 Rd8
30.Nc1 Bf8 31.Rc3 Rd4 32.Ne2 Ra4 33.Nc1 Qa5 34.Nb3 Qd8 35.Rf3 Rxa3 36.Qb2 Ra4
37.Qxe5 Qd1 38.Qxg5+ Bg7 39.Nd2 Rd4 40.Nf1 Rxe4 41.Kg1 Qd4+ 42.Kh1 Re5 43.Rf5 Re1
44.Rf3 a5 45.Qf5 Qd5 46.Qc8+ Kh7 47.Qa6 Qe6 48.Qd3+ Qe4 49.Qd7 Qd5 50.Qc8 Qe6
51.Qd8 a4 52.Qd3+ Kg8 53.Qd8+ Qe8 54.Qd3 a3 55.Qa6 Qe6 56.g5 a2  0-1

[Event "Leeuwarden op"]
[Site "Leeuwarden"]
[Date "1993.??.??"]
[Round "8"]
[White "Grooten, Herman"]
[Black "Sziva, Erika"]
[Result "0-1"]
[WhiteElo "2375"]
[BlackElo "2235"]

1.d4 Nf6 2.c4 g6 3.Nc3 Bg7 4.e4 d6 5.Nf3 O-O 6.Be2 e5 7.Be3 Ng4 8.Bg5 f6
9.Bh4 Nc6 10.d5 Ne7 11.h3 Nh6 12.g4 Nf7 13.Nd2 c6 14.Qc2 Qc7 15.f3 f5 16.O-O-O fxg4
17.fxg4 Bh6 18.Rdf1 Bf4 19.Bf6 h6 20.h4 Kh7 21.g5 Ng8 22.Rxf4 exf4 23.h5 Nxf6
24.hxg6+ Kxg6 25.e5+ Bf5 26.Qxf5+ Kxf5 27.Bd3+ Kg4 28.Rg1+ Kh5 29.Rh1+ Kg4
30.Rg1+ Kh5 31.exf6 Ne5 32.Bf5 Qb6 33.Rg2 f3 34.Nxf3 Nxf3 35.Bg4+ Kh4 36.Bxf3 Qe3+
37.Rd2 Qxf3 38.dxc6 bxc6 39.gxh6 Rxf6 40.h7 Rh8  0-1

[Event "Lenk-J"]
[Site "Lenk"]
[Date "1993.??.??"]
[Round "7"]
[White "Gyimesi, Zoltan"]
[Black "Schmaltz, Roland"]
[Result "0-1"]
[WhiteElo "2395"]
[BlackElo "2390"]

1.d4 g6 2.c4 Bg7 3.Nc3 Nf6 4.e4 d6 5.Be2 O-O 6.Nf3 e5 7.O-O exd4 8.Nxd4 Re8
9.f3 c6 10.Kh1 Nh5 11.g4 Nf6 12.Bf4 h5 13.h3 Na6 14.Qd2 hxg4 15.hxg4 d5 16.cxd5 cxd5
17.Bb5 dxe4 18.Bxe8 Nxe8 19.Nb3 Qxd2 20.Nxd2 exf3 21.g5 Bd7 22.Nxf3 Nec7
23.Rad1 Bc6 24.Kh2 Ne6 25.Bc1 Nac5 26.Nd5 Bb5 27.Rfe1 Nd3 28.Re3 Nxc1 29.Rxc1 Rd8
30.Nf6+ Kf8 31.Ne4 Bc6 32.b3 Nd4 33.Nxd4 Bxd4 34.Ree1 Be5+ 35.Kg1 Kg7 36.Nf2 Bf4
37.Rc5 Rd2 38.a4 Bg3 39.Rf1 Rb2 40.Rc3 Bf4 41.Rd1 Bxg5 42.Rcd3 Bf4 43.Nh3 Bh2+
44.Kf1 Bg2+ 45.Ke1 Bc7 46.Rc1 Ba5+ 47.Kd1 Bxh3 48.Rxh3 Rd2+ 49.Ke1 Rd3+  0-1

[Event "Lenk-J"]
[Site "Lenk"]
[Date "1993.??.??"]
[Round "9"]
[White "Leutwyler, Martin"]
[Black "Gerber, Richard"]
[Result "0-1"]
[WhiteElo "2245"]
[BlackElo "2320"]

1.d4 Nf6 2.Nf3 g6 3.c4 Bg7 4.Nc3 O-O 5.e4 d6 6.Be2 Nbd7 7.O-O e5 8.d5 Nc5
9.Qc2 a5 10.Nd2 Nfd7 11.Nb3 f5 12.exf5 gxf5 13.Nxc5 Nxc5 14.f4 Bd7 15.Be3 exf4
16.Bxf4 Qf6 17.Rad1 a4 18.Be3 a3 19.b4 Qxc3 20.Qxc3 Bxc3 21.bxc5 Rae8 22.Kf2 f4
23.Bc1 Bb4 24.cxd6 cxd6 25.Rd3 Bc5+ 26.Kf3 Bf5 27.Bxf4 Bxd3 28.Bxd3 Re3+  0-1